Countries with the richest people - Statistics

General Stats
  • This quiz has been taken 101 times
    17 since last reset
  • The average score is 16 of 20
Answer Stats
Person Wealth (billions USD) Country % Correct
Zhang Yiming 69.3 China
100%
Bernard Arnault 173.2 France
100%
Dieter Schwarz 67.1 Germany
100%
Giovanni Ferrero 48.7 Italy
100%
Tadashi Yanai 60.8 Japan
100%
Alexey Mordashov 37.2 Russia
100%
Elon Musk 842.9 United States
100%
Mukesh Ambani 100.4 India
93%
Carlos Slim Helu 117.3 Mexico
93%
Jay Y. Lee 27.6 South Korea
93%
Amancio Ortega 149.2 Spain
93%
Eduardo Saverin 36.3 Brazil
87%
Changpeng Zhao 64.5 Canada
73%
Prajogo Pangestu 28.2 Indonesia
73%
Mark Mateschitz 45.7 Austria
67%
Pham Nhat Vuong 27.2 Vietnam
67%
Gianluigi Aponte 45.5 Switzerland
60%
Iris Fontbona 52.7 Chile
40%
Idan Ofer 41.2 Israel
40%
Aliko Dangote 28.6 Nigeria
27%
No matching quizzes found
Score Distribution
Percent of People with Each Score
Percentile by Number Answered
Your Score History
You have not taken this quiz since the last reset